000 00999nam a2200217Ii 4500
003 JO-AjNU
008 230605s9999||||xx |||||||||||||| ||und||
020 _a978-9774-731471
040 _aJO-AjNU
_bara
_erda
_cJO-AjNU
041 _aara
050 1 4 _aHD53 2015
100 3 _aاعداد اسماعيل، رضا مصيلحي احمد,
_eauthor
_951955
245 0 0 _aأثر انماط السلوك الاستراتيجي للمدراء على تعظيم عائد الاستثمار في راس المال الفكري
264 3 1 _aالقاهرة: المنظمة العربية للتنمية الادارية، 2015
300 _a58ص
_bيحتوي على ببلوغرافية من 54-58ص
336 _atext
_btxt
_2rdacontent
337 _aunmediated
_bn
_2rdamedia
338 _avolume
_bnc
_2rdacarrier
490 0 _aاصدار خاص عن المجلة العربية للادارة
650 4 _aالاستثمارات- رأس المال الفكري- إدارة المعرفة-مصر
_951956
999 _aA22986
_c26554
_d26554